Angielski - Słówka - Statystyki

Ogólne statystyki
  • Ten quiz został rozwiązany 35 razy
  • Średni wynik to 7 z 106
Statystyki odpowiedzi
Hint Odpowiedź % Poprawnych
ufać trust
84%
depresja depression
56%
być trzeźwym be sober
31%
uzależnienie addiction
25%
sfrustrowany frustrated
25%
zirytowany irritated
22%
medytować meditate
22%
niepokój anxiety
19%
zdrowie psychiczne mental health
19%
zaakceptować fakt accept the fact
16%
określić, zdefiniować define
16%
bezwartościowy worthless
16%
kompetentny competent
13%
wściekły furious
13%
pójść na odwyk go to rehab
13%
dobre samopoczucie well-being
13%
uspokoić się calm down
9%
relaksować się chill out
9%
zapalenie płuc pneumonia
9%
nadużywanie substancji substance abuse
9%
taktowny tactful
9%
wypalenie zawodowe burnout
6%
get on someone's nerves działać komuś na nerwy
6%
nadciśnienie hypertension
6%
nieszczęśliwy, smutny miserable
6%
wykazujący inicjatywę proactive
6%
żal regret
6%
odporny resilient
6%
samokrytyczny self-critical
6%
poczucie własnej wartości self-esteem
6%
lekki zarost a 5 o'clock shadow
3%
okropny absolutely awful
3%
być wypisz, wymaluj a dead ringer for
3%
anoreksja anorexia nervosa
3%
zdumiony astonished
3%
być pasjonatem czegoś be hooked on
3%
skupiać się na obecnej chwili, być uważnym be mindful
3%
być bardzo zajętym be on the go
3%
zaburzenie z napadami objadania się binge eating disorder
3%
wyrobić sobie odporność build resilience
3%
budować pewność siebie build self-confidence
3%
opatulić kogoś w coś bundle up
3%
dziura w zębie cavity
3%
naładować baterię, zregenerować siły charge your batteries
3%
zacisnąć pięści clench your fists
3%
przestać brać narkotyki come off drugs
3%
całkowicie pochłonięty completely absorbed
3%
nałogowy hazard compulsive gambling
3%
zapalenie spojówek conjunctivitis
3%
liczący się z innymi considerate
3%
założyć nogę na nogę cross your legs
3%
sobowtór dead ringer
3%
odprężyć się decompress
3%
odpoczynek, czas wyciszenia downtime
3%
ubrany odświętnie, wystrojony dressed to the nines
3%
ocenić możliwości evaluate the options
3%
niezwykle przydatny extremely useful
3%
skrzyżować ręce fold your arms
3%
przestrzegać zaleceń lekarza follow a doctor's recommendation
3%
przestrzegać rozsądnej diety follow a sensible diet
3%
zostać przyjętym do szpitala get admitted to hospital
3%
ciążyć komuś get on top of someone
3%
poradzić sobie, przetrwać get through
3%
białaczka leukaemia
3%
radzić sobie ze stresem manage stress
3%
wyglądać idealnie not a hair out of place
3%
bardzo nieszczęśliwy pretty miserable
3%
zacisnąć usta purse your lips
3%
zdziwiony puzzled
3%
całkiem poważny quite serious
3%
skierować do specjalisty refer to a specialist
3%
dobrze reagować na leczenie respond well to treatment
3%
komplikacja setback
3%
wzruszyć ramionami shrug your shoulders
3%
pstryknąć palcami snap your fingers
3%
otaczać się surround yourself with
3%
podjąć działania profilaktyczne take preventative measures
3%
brać odpowiedzialność za swoje postępowanie take responsibility for your actions
3%
Mnie to mówisz! Tell me about it
3%
nieuleczalna/ śmiertelna choroba terminal ilness
3%
być motywowanym stresem thrive on stress
3%
niezwykle fascynujący totally fascinating
3%
zaufać intuicji trust your instincts
3%
nieunikniony unavoidable
3%
przechodzić badania undergo tests
3%
bezbronny, wrażliwy vulnerable
3%
poważna sprawa a big deal
0%
dostosować się do okoliczności adapt to the circumstances
0%
nie móc znaleźć słów, brak komuś słów be lost for words
0%
wpaść w szał blow your top
0%
wyrobić sobie pozytywne nastawienie develop a positive mindset
0%
zrobić coś pożytecznego do something positive
0%
doprowadzać kogoś do szału drive someone crazy
0%
mierzyć się z wyzwaniem face a challege
0%
pokłócić się z kimś fall out with someone
0%
dać sobie z czymś spokój, przestać coś robić give it a rest
0%
Denerwuje mnie to It's doing my head in
0%
utrzymywać koncentrację maintain your focus
0%
zobowiązać się do czegoś make a commitment
0%
pogodzić się z kimś make up with someone
0%
obrażony offended
0%
dbać przede wszystkim o siebie prioritize self-care
0%
rozżalony resentful
0%
brać pod uwagę, uwzględniać take account of
0%
wziąć sprawy w swoje ręce take control of the situation
0%
omówić coś talk something over
0%
Nie znaleziono quizów pasujących do podanych kryteriów
Rozkład punktacji
Procent ludzi z każdym wynikiem
Percentyl według liczby udzielonych odpowiedzi
Twoja historia wyników
Nie rozwiązałeś tego quizu